000 00282nam a2200109Ia 4500
005 20251222154325.0
008 251222s9999||||xx |||||||||||||| ||spa||
082 _aREF.153.6 A92
100 _aÁvila, Hernán
245 0 _aDiccionario de Psicología de la Comunicación
942 _cLIB
999 _c33942
_d33942